Guia de unidades de información socioeducativa en América Central /
Guardado en:
| Autores Corporativos: | , |
|---|---|
| Formato: | Texto |
| Publicado: |
Guatemala:
Proyecto Red. CEC. CSUCA. CEDESC
|
| Etiquetas: |
Agregar Etiqueta
Sin Etiquetas, Sea el primero en etiquetar este registro!
|
MARC
| LEADER | 00000 a a2200000 04500 | ||
|---|---|---|---|
| 001 | 21349 | ||
| 003 | |||
| 040 | |||
| 090 | |a 093600 | ||
| 110 | |a Proyecto Red | ||
| 245 | |a Guia de unidades de información socioeducativa en América Central / |c Proyecto Red | ||
| 260 | |a Guatemala: |b Proyecto Red. CEC. CSUCA. CEDESC | ||
| 300 | |a 134 p | ||
| 710 | |a CEC |a CSUCA. Centro de Documentación Económica y Social de Centroamérica | ||
| 999 | |c 2462 |d 2462 | ||
